Who was Shakespeare? : the man, the times, the works (Record no. 61732)
[ view plain ]
| 000 -LEADER | |
|---|---|
| fixed length control field | 00696nam a2200181 a 4500 |
| 008 - FIXED-LENGTH DATA ELEMENTS--GENERAL INFORMATION | |
| fixed length control field | 060316s1974 ||||||||||||||||| || u |
| 020 ## - INTERNATIONAL STANDARD BOOK NUMBER | |
| International Standard Book Number | 0715366262 |
| 050 ## - LIBRARY OF CONGRESS CALL NUMBER | |
| Classification number | PR 2894 May |
| 100 ## - MAIN ENTRY--PERSONAL NAME | |
| Personal name | May, Robin |
| 245 10 - TITLE STATEMENT | |
| Title | Who was Shakespeare? : the man, the times, the works |
| 260 ## - PUBLICATION, DISTRIBUTION, ETC. | |
| Place of publication, distribution, etc. | Newton Abbot [Eng.] : |
| Name of publisher, distributor, etc. | David & Charles |
| Date of publication, distribution, etc. | 1974 |
| 300 ## - PHYSICAL DESCRIPTION | |
| Extent | 143 p., [4] leaves of plates : ill. |
| 350 ## - PRICE (NR) (BK AM CF MU VM SE) [OBSOLETE] | |
| Price | 0.00 |
| 500 ## - GENERAL NOTE | |
| General note | Includes index. -Bibliography |
| 650 ## - SUBJECT ADDED ENTRY--TOPICAL TERM | |
| Topical term or geographic name entry element | DRAMATISTS, ENGLISH--EARLY MODERN, 1500-1700--BIOGRAPHY |
| 650 ## - SUBJECT ADDED ENTRY--TOPICAL TERM | |
| Topical term or geographic name entry element | SHAKESPEARE, WILLIAM, 1564-1616 |
| 995 ## - RECOMMENDATION 995 [LOCAL, UNIMARC FRANCE] | |
| -- | 0.00 |
| -- | CBU-MAIN LIBRARY (Kitwe) |
| -- | 1 |
| -- | 12.95 |
| -- | 1 |
| -- | LOST |
| -- | Fiction Collection |
| Withdrawn status | Lost status | Source of classification or shelving scheme | Damaged status | Not for loan | Home library | Current library | Shelving location | Date acquired | Total Checkouts | Full call number | Barcode | Date last seen | Price effective from | Koha item type |
|---|---|---|---|---|---|---|---|---|---|---|---|---|---|---|
| CBU-MAIN LIBRARY, KITWE. | CBU-MAIN LIBRARY, KITWE. | 11/30/2022 | PR 2894 May | 024883 | 11/30/2022 | 11/30/2022 | MONOGRAPH |